[Event "TUR-ch U13-U18"]
[Site "Antalya"]
[Date "2020.01.24"]
[Round "10"]
[White "Ozturk, Omer Suhan"]
[Black "Kartaloglu, Ali Ihsan"]
[Result "1/2-1/2"]
[WhiteElo "1626"]
[BlackElo "1146"]
[PlyCount "51"]
[EventDate "2020.01.19"]
[EventType "swiss"]
[EventRounds "11"]
[EventCountry "TUR"]
[SourceTitle "CBM 195 Extra"]
[Source "ChessBase"]
[SourceDate "2020.05.31"]
[SourceVersion "1"]
[SourceVersionDate "2020.05.31"]
[SourceQuality "1"]

1. e4 d6 2. d4 Nf6 3. Nc3 g6 4. f4 c6 5. Be2 Bg7 6. Be3 0-0 7. Qd2 Nbd7 8. g4 e5 9. 0-0-0 exf4 10. Bxf4 Nb6 11. h3 Be6 12. g5 Ne8 13. h4 d5 14. e5 Rc8 15. h5 c5 16. Nf3 Bg4 17. hxg6 fxg6 18. Rh4 Bh5 19. dxc5 Rxc5 20. Nd4 Bxe2 21. Qxe2 Nc7 22. Qh2 Nc4 23. Rxh7 Rxf4 24. Rh1 Rf1+ 25. Rxf1 Qxg5+ 26. Rf4 1/2-1/2

[Event "TUR-ch U13-U18"]
[Site "Antalya"]
[Date "2020.01.23"]
[Round "8"]
[White "Mermerdas, Berkant"]
[Black "Kartaloglu, Ali Ihsan"]
[Result "0-1"]
[WhiteElo "1047"]
[BlackElo "1146"]
[PlyCount "54"]
[EventDate "2020.01.19"]
[EventType "swiss"]
[EventRounds "11"]
[EventCountry "TUR"]
[SourceTitle "CBM 195 Extra"]
[Source "ChessBase"]
[SourceDate "2020.05.31"]
[SourceVersion "1"]
[SourceVersionDate "2020.05.31"]
[SourceQuality "1"]

1. e4 d6 2. Bc4 Nf6 3. Nc3 g6 4. d3 Bg7 5. Be3 e5 6. Nd5 c6 7. Nxf6+ Qxf6 8. Nf3 h6 9. h3 Be6 10. Qd2 Nd7 11. 0-0-0 d5 12. g4 Qxf3 13. g5 dxc4 14. gxh6 Bf8 15. Rhg1 Qh5 16. Bg5 Bxh6 17. h4 Bxg5 18. hxg5 0-0-0 19. c3 Nb6 20. d4 Qf3 21. Rg3 Qxe4 22. Re1 Qf4 23. Ree3 Rh1+ 24. Re1 Rxe1+ 25. Kc2 Bf5+ 26. Rd3 Bxd3+ 27. Qxd3 Qc1# 0-1